| 000 | 00430 a2200145 4500 | ||
|---|---|---|---|
| 999 |
_c3762 _d3762 |
||
| 020 | _a9780797462465 | ||
| 050 | _aLB1727.256SIY2014 | ||
| 100 |
_aSiyakwazi,Ben John _eauthor |
||
| 245 |
_aA history of teacher education in colonial zimbabwe 1928 to 1980 / _cBen John Siyakwazi |
||
| 264 |
_aZimbabwe: _bBooklove, _c2014 |
||
| 300 | _a195p. : | ||
| 500 | _aIncludes index | ||
| 650 | _aeducation | ||
| 942 |
_2lcc _cBK _h1727.256 _iSIY _kLB |
||